000 01126cad a22002535a 4500
001 L154599
008 120105s2011 xxkqr p 0 a0eng u
035 _a(Sirsi) u154599
041 0 _aeng
100 1 _aEvans, Rebecca
245 0 0 _aBe prepared or pay
_h[electronic resource]
260 _a[S.l.]
_bThomas Eggar
_c2011
520 _aThe new Construction Act has changed the way payments are made: an article providing guidelines for employers, contractors, sub-contractors and consultants.
590 _aKA
650 2 4 _aHOUSING GRANTS, CONSTRUCTION AND REGENERATION ACT 1996
650 2 4 _aLOCAL DEMOCRACY, ECONOMIC DEVELOPMENT AND CONSTRUCTION ACT 2009
651 4 _aEngland and Wales
_y1543-
690 _aBUILT ENVIRONMENT-CONSTRUCTION MANAGEMENT-BUILDING CONTRACT ADMINISTRATION
690 _aProcurement
_96260
690 _aBUILT ENVIRONMENT-BUILDING CONTRACT FORMS-STANDARD FORMS OF BUILDING CONTRACT
710 1 _aThomas Eggar LLP
856 4 0 _uhttps://www.mondaq.com/x/157474/Building+Construction/Be+Prepared+Or+Pay&email_access=on
_zView the article free of charge at www.mondaq.com
942 _n0
999 _c113056
_d113056